书目信息

书名: 2008中国室内设计年鉴 商业空间
作者: 深圳市创扬文化传播有限公司
出版信息: 武汉   华中科技大学出版社  2008
开本页数: 31cm  303页
丛书名:
单 册:
中图分类: TU:Z
科图分类:
主题词: 室内装饰设计--中国--2008--年鉴 , 商业--服务建筑--室内装饰设计--作品集--中国--现代 , 建筑学
电子资源:
ISBN: 978-7-5609-4843-0
000 01152nam0 2200277 450
001 2363
005 20091130095518.59
010    @a978-7-5609-4843-0@b精装@dCNY268.00
098    @a2363
100    @a20081115d2008 em y0chiy0110 ea
101 @achi@aeng
102    @aCN@b420000
105    @aa igz 000yy
200 @a2008中国室内设计年鉴@A2008 zhong guo shi nei she ji nian jian@i商业空间@d2008 China interior design annual@iCommercial space@e[中英文本]@f深圳市创扬文化传播有限公司编@zeng
210    @a武汉@c华中科技大学出版社@d2008
215    @a303页@c彩图@d31cm
330    @a本书收录了:B&B家私展厅、汗蒸时代一女子养身会馆、采阳网络、成都MINICOOPER展厅、长沙通程名品中心等设计作品。
510 @a2008 China interior design annual@iCommercial space@zeng
540 @a中国室内设计年鉴@Azhong guo shi nei she ji nian jian@h2008
606 @a室内装饰设计@y中国@z2008@j年鉴
606 @a商业@x服务建筑@x室内装饰设计@x作品集@y中国@z现代
606 @a建筑学
690    @aTU:Z@v4
711 02 @a深圳市创扬文化传播有限公司@Ashen zhen shi chuang yang wen hua chuan bo you xian gong si@4编
801    @aCN@bCDNYKJ@c20091130
905    @dTU:Z@e210
    
    2008中国室内设计年鉴.商业空间=2008 China interior design annual.Commercial space:[中英文本]/深圳市创扬文化传播有限公司编.-武汉:华中科技大学出版社,2008
    303页:彩图;31cm
    
    
    ISBN 978-7-5609-4843-0(精装):CNY268.00
    本书收录了:B&B家私展厅、汗蒸时代一女子养身会馆、采阳网络、成都MINICOOPER展厅、长沙通程名品中心等设计作品。
相关链接 在五车中查询图书 在当当中查询图书 在豆瓣中查询图书


正题名:2008中国室内设计年鉴     索取号:TU:Z/210         预约/预借

序号 登录号 条形码 馆藏地/架位号 状态 备注
1 257075   300257075   柳城-5楼工具书/56架4列4层/ [索取号:TU:Z/210] 在馆    
2 257076   300257076   柳城-5楼工具书/56架4列4层/ [索取号:TU:Z/210] 在馆